| 000 | 00000nam##2200000za#4500 |
| 001 | 9.700440 |
| 003 | CaOODSP |
| 005 | 20210625000832 |
| 007 | cr ||||||||||| |
| 008 | 150407|1985||||xxc|||||o f|0| 0 eng|d |
| 040 | |aCaOODSP|beng |
| 043 | |an-cn--- |
| 086 | 1 |aA43-1802/1985E-PDF |
| 110 | 1 |aCanada.|bAgriculture Canada. |bCommunications Branch. |
| 245 | 10|aWhat you should know about pest control |h[electronic resource] |
| 260 | |aOttawa - Ontario : |bAgriculture Canada. |c1985. |
| 300 | |a6p.|billus. |
| 500 | |aIncorrect copyright date (1992) printed in this publication. |
| 500 | |aHistorical publication digitized by Agriculture and Agri-Food Canada. |
| 590 | |a15-03-Supp|b2015-03-13 |
| 690 | 07|aPlants|2gcpds |
| 690 | 07|aWild plants|2gcpds |
| 775 | 08|tQue savez-vous de la lute contre les espèces nuisibles? |w(CaOODSP)9.644332 |
| 856 | 40|ahttp://publications.gc.ca|qPDF|s215 KB|uhttps://publications.gc.ca/collections/collection_2015/aac-aafc/A43-1802-1985-eng.pdf |
| 986 | |aPublication 1802/E |